[Event "Bad Breisig op"]
[Site "?"]
[Date "2002.??.??"]
[Round "7"]
[White "Rotstein, Arkadij"]
[Black "Welz, Peter"]
[Result "1-0"]
[WhiteElo "2526"]
[BlackElo "2236"]
[PlyCount "111"]

1. c4 f5 2. g3 Nf6 3. Bg2 g6 4. b3 Bg7 5. Bb2 O-O 6. Nf3 c6 7. O-O d6 8. d4 d5
9. Nbd2 Ne4 10. Ne5 Nxd2 11. Qxd2 Be6 12. Qb4 Bc8 13. cxd5 cxd5 14. Rac1 e6 15.
Rc2 Nd7 16. Nxd7 Qxd7 17. Rfc1 Rf7 18. Qd2 Bf8 19. Bc3 Ba3 20. Rb1 Bd6 21. Bb4
b6 22. Rbc1 Bb7 23. Bxd6 Qxd6 24. Qf4 Qxf4 25. gxf4 a5 26. Kf1 a4 27. b4 a3 28.
Ke1 Ra4 29. Rb1 Kf8 30. e3 Ke7 31. Bf1 Kd8 32. Bb5 Ra8 33. Rbc1 Rc8 34. Kd2 h6
35. h4 Rg7 36. Rg1 Ra8 37. Kc3 Ba6 38. Bxa6 Rxa6 39. Kb3 Kd7 40. f3 Ra8 41.
Rcg2 Rag8 42. Kxa3 Kc6 43. Kb3 Kb5 44. a4+ Ka6 45. Rc2 g5 46. fxg5 hxg5 47.
hxg5 Rxg5 48. Rxg5 Rxg5 49. Rc7 b5 50. Rc6+ Kb7 51. Rxe6 bxa4+ 52. Kxa4 f4 53.
Kb5 Rg3 54. exf4 Rxf3 55. Re7+ Kc8 56. Rf7 1-0

[Event "Bad Breisig op"]
[Site "?"]
[Date "2002.??.??"]
[Round "7"]
[White "Matzat, Andre"]
[Black "Boidman, Yuri"]
[Result "0-1"]
[WhiteElo "2261"]
[BlackElo "2432"]
[PlyCount "75"]

1. Nf3 d5 2. d4 Nf6 3. c4 c6 4. e3 e6 5. Nc3 Nbd7 6. Qc2 Bd6 7. Be2 O-O 8. O-O
Qe7 9. Rd1 dxc4 10. Bxc4 e5 11. h3 e4 12. Nd2 Re8 13. a3 Bc7 14. Ba2 Nb6 15.
Nf1 Nbd5 16. Bd2 Bf5 17. Rac1 Rad8 18. f4 h6 19. Be1 g5 20. fxg5 hxg5 21. Qe2
Bg6 22. g4 Kg7 23. Bg3 Nf4 24. Qh2 Nxg4 25. hxg4 Rh8 26. Qd2 Nd3 27. Bc4 Bxg3
28. Nxg3 Rh4 29. Ncxe4 Nxc1 30. Qb4 Qxb4 31. axb4 Rxg4 32. Rxc1 Bxe4 33. Kf2
Rh8 34. Rg1 Rh2+ 35. Kf1 Bf3 36. e4 Kf8 37. e5 Rxb2 38. Bd3 0-1

[Event "Bad Breisig op"]
[Site "?"]
[Date "2002.??.??"]
[Round "7"]
[White "Murariu, Nicky"]
[Black "Ziltener, Werner"]
[Result "0-1"]
[WhiteElo "2009"]
[BlackElo "2045"]
[PlyCount "84"]

1. b3 e5 2. Bb2 Nc6 3. c4 Nf6 4. a3 d5 5. cxd5 Nxd5 6. e3 Bd6 7. Bc4 Be6 8. Qc2
Qg5 9. Kf1 O-O 10. g3 Rae8 11. h4 Qh5 12. Be2 Bg4 13. f3 Bd7 14. g4 Qg6 15. Bd3
Qh6 16. Be4 Nde7 17. g5 Qh5 18. Nc3 f5 19. Bd3 Kh8 20. Be2 f4 21. Ne4 Nd5 22.
exf4 Nxf4 23. Ng3 Qf7 24. h5 Nd4 25. Bxd4 exd4 26. Ne4 Nxe2 27. Kxe2 Bb5+ 28.
Kd1 d3 29. Qb2 Rxe4 30. g6 Qf6 31. Qxf6 Rxf6 32. h6 Re7 33. hxg7+ Rxg7 34.
Rxh7+ Rxh7 35. gxh7 Kxh7 36. Ke1 Bg3+ 37. Kf1 Bh2 38. Kg2 Be5 39. Re1 Bd6 40.
a4 Bc6 41. Re3 Bc5 42. Rxd3 Rg6+ 0-1

[Event "Bad Breisig op"]
[Site "?"]
[Date "2002.??.??"]
[Round "7"]
[White "Rotstein, Efim"]
[Black "Trifunovic, Dusan"]
[Result "1-0"]
[WhiteElo "2375"]
[BlackElo "2003"]
[PlyCount "43"]

1. g3 d5 2. Bg2 Nf6 3. Nf3 g6 4. O-O Bg7 5. d4 O-O 6. c4 c6 7. cxd5 cxd5 8. Nc3
Nc6 9. Ne5 Qa5 10. Bg5 e6 11. Qd2 Nxe5 12. dxe5 Nd7 13. Nxd5 Qxd2 14. Ne7+ Kh8
15. Bxd2 Bxe5 16. Rfd1 Nb6 17. Bb4 Re8 18. Nxc8 Raxc8 19. Bxb7 Rc7 20. Ba6 Bxb2
21. Rab1 Bc3 22. Bd6 1-0

[Event "Bad Breisig op"]
[Site "?"]
[Date "2002.??.??"]
[Round "7"]
[White "Loerke, Reinhard"]
[Black "Reimann, Guenther"]
[Result "1/2-1/2"]
[WhiteElo "2110"]
[BlackElo "1747"]
[PlyCount "87"]

1. e4 e6 2. d4 d5 3. Nc3 Bb4 4. Bd2 dxe4 5. Qg4 Nf6 6. Qxg7 Rg8 7. Qh6 Be7 8.
Nge2 Nc6 9. O-O-O Rg6 10. Qh4 Rg4 11. Qh3 Rg6 12. f3 e5 13. Qh4 Ng4 14. Qe1 e3
15. dxe5 Nf2 16. Bxe3 Nxd1 17. Nxd1 Nb4 18. Ndc3 Nd5 19. Bd2 c6 20. h4 Be6 21.
f4 Nb4 22. a3 Nd5 23. Nd4 Bc5 24. f5 Bxd4 25. fxg6 hxg6 26. h5 Nxc3 27. hxg6
Na2+ 28. Kb1 Qb6 29. gxf7+ Kd7 30. b4 a5 31. Bc4 Bxc4 32. e6+ Bxe6 33. Rh6 c5
34. Qe4 axb4 35. Rxe6 Qxe6 36. Qxb7+ Kd6 37. Qxa8 Qxf7 38. Qb8+ Kc6 39. Qc8+
Kd6 40. Bf4+ Qxf4 41. Qb8+ Kd5 42. Qb7+ Ke5 43. Kxa2 Qf6 44. axb4 1/2-1/2

[Event "Bad Breisig op"]
[Site "?"]
[Date "2002.??.??"]
[Round "7"]
[White "Woeltge, Carsten"]
[Black "Juergens, Ralf"]
[Result "1/2-1/2"]
[WhiteElo "1922"]
[BlackElo "1800"]
[PlyCount "34"]

1. d4 d5 2. Nf3 Nf6 3. c4 e6 4. Nc3 Nbd7 5. cxd5 exd5 6. Bg5 Be7 7. e3 c6 8.
Bd3 O-O 9. Qc2 Re8 10. O-O Ne4 11. Bxe7 Qxe7 12. Bxe4 dxe4 13. Nd2 Nf6 14. Rae1
Bf5 15. f3 Rad8 16. fxe4 Bxe4 17. Ndxe4 Nxe4 1/2-1/2

[Event "Bad Breisig op"]
[Site "?"]
[Date "2002.??.??"]
[Round "7"]
[White "Noettger, Eckard"]
[Black "Zoefel, Peter"]
[Result "1/2-1/2"]
[WhiteElo "1763"]
[BlackElo "2055"]
[PlyCount "43"]

1. d4 d5 2. Nf3 Nf6 3. e3 e6 4. Bd3 c5 5. c3 Be7 6. dxc5 O-O 7. Nbd2 Bxc5 8.
O-O Nbd7 9. e4 dxe4 10. Nxe4 Nxe4 11. Bxe4 Nf6 12. Bc2 Qc7 13. Qe2 b6 14. Bg5
Bb7 15. Bxf6 gxf6 16. Be4 Kh8 17. Bxb7 Qxb7 18. Nh4 Rg8 19. Qf3 Qxf3 20. Nxf3
Rgd8 21. Rfd1 Kg7 22. Kf1 1/2-1/2

[Event "Bad Breisig op"]
[Site "?"]
[Date "2002.??.??"]
[Round "7"]
[White "Schmidt, Waldemar"]
[Black "Mahrla, Hans"]
[Result "1-0"]
[WhiteElo "1920"]
[BlackElo "1510"]
[PlyCount "31"]

1. c4 Nf6 2. Nc3 e6 3. d4 d5 4. Nf3 c6 5. e3 Nbd7 6. a3 Be7 7. Bd3 dxc4 8. Bxc4
Nd5 9. Qc2 O-O 10. e4 Nxc3 11. bxc3 Re8 12. h4 Bf8 13. e5 c5 14. Ng5 g6 15. h5
Be7 16. Nxf7 1-0

[Event "Bad Breisig op"]
[Site "?"]
[Date "2002.??.??"]
[Round "8"]
[White "Boidman, Yuri"]
[Black "Rotstein, Efim"]
[Result "0-1"]
[WhiteElo "2432"]
[BlackElo "2375"]
[PlyCount "120"]

1. e4 c5 2. Nf3 e6 3. g3 d5 4. exd5 exd5 5. d4 Nf6 6. Bg2 Qe7+ 7. Ne5 cxd4 8.
f4 Nc6 9. O-O Qc5 10. Kh1 Be7 11. Nxc6 bxc6 12. Nd2 Bf5 13. Nb3 Bxc2 14. Qxd4
Bxb3 15. Qxc5 Bxc5 16. axb3 Kd7 17. Bd2 Rhe8 18. b4 Bb6 19. Bc3 Ne4 20. Bh3+
Kc7 21. Bxg7 Nf2+ 22. Kg2 Nxh3 23. Be5+ Kb7 24. Kxh3 a5 25. bxa5 Rxa5 26. Rxa5
Bxa5 27. Kg4 c5 28. Kf5 Re6 29. g4 Kc6 30. g5 d4 31. Ra1 Kb5 32. Ra3 Bb6 33.
Rh3 c4 34. Rxh7 Re7 35. Rh3 d3 36. Rf3 Rd7 37. Rf1 Bd4 38. h4 Kb4 39. h5 Kb3
40. g6 fxg6+ 41. hxg6 Bxb2 42. Ke6 Rd8 43. Ke7 Ra8 44. g7 Bxe5 45. fxe5 d2 46.
Rf8 Ra7+ 47. Kf6 Rxg7 48. Kxg7 d1=Q 49. e6 Qg4+ 50. Kf7 Qf5+ 51. Ke7 Qe5 52.
Kd7 Qd5+ 53. Ke7 c3 54. Rb8+ Kc4 55. Rd8 Qc5+ 56. Kd7 c2 57. e7 c1=Q 58. e8=Q
Qd2+ 59. Ke6 Qb6+ 60. Kf7 Qf4+ 0-1

[Event "Bad Breisig op"]
[Site "?"]
[Date "2002.??.??"]
[Round "8"]
[White "Wempe, Juergen"]
[Black "Ziltener, Werner"]
[Result "1/2-1/2"]
[WhiteElo "2167"]
[BlackElo "2045"]
[PlyCount "39"]

1. d4 Nf6 2. Nf3 c5 3. c3 d5 4. Bf4 e6 5. e3 Nc6 6. Nbd2 Be7 7. h3 O-O 8. Bd3
h6 9. Ne5 Nd7 10. Ng4 Bg5 11. Bd6 Be7 12. Bf4 Bg5 13. Bxg5 Qxg5 14. h4 Qe7 15.
Nxh6+ gxh6 16. Qh5 Kg7 17. Qg4+ Kh8 18. Qh5 Kg7 19. Qg4+ Kh8 20. Qh5 1/2-1/2

[Event "Bad Breisig op"]
[Site "?"]
[Date "2002.??.??"]
[Round "8"]
[White "Loerke, Reinhard"]
[Black "Rotstein, Arkadij"]
[Result "0-1"]
[WhiteElo "2110"]
[BlackElo "2526"]
[PlyCount "56"]

1. e4 c5 2. Nc3 e6 3. Bc4 Nc6 4. f4 a6 5. a4 Nge7 6. d3 d5 7. Ba2 dxe4 8. Nxe4
Nf5 9. c3 Be7 10. Nf3 O-O 11. O-O b6 12. g4 Nd6 13. Nfg5 Nxe4 14. Nxe4 Bb7 15.
f5 exf5 16. gxf5 Ne5 17. f6 Bxf6 18. Nxf6+ gxf6 19. Bh6 Kh8 20. Bxf8 Qxf8 21.
Rf2 Qh6 22. d4 Rg8+ 23. Kf1 Qh3+ 24. Ke2 Bf3+ 25. Kd2 Bxd1 26. Rxd1 cxd4 27.
Kc2 Rg2 28. Rdd2 d3+ 0-1

[Event "Bad Breisig op"]
[Site "?"]
[Date "2002.??.??"]
[Round "8"]
[White "Reimann, Guenther"]
[Black "Matzat, Andre"]
[Result "1/2-1/2"]
[WhiteElo "1747"]
[BlackElo "2261"]
[PlyCount "83"]

1. c4 e6 2. d3 d5 3. Qc2 Nc6 4. Nf3 Nf6 5. g3 Nb4 6. Qb3 a5 7. a3 Na6 8. Nbd2
c6 9. Rb1 Bd6 10. Bg2 O-O 11. O-O Qe7 12. Qc2 e5 13. e4 dxe4 14. Nxe4 Nxe4 15.
dxe4 f5 16. Bg5 Qc7 17. Rbd1 Nc5 18. Nd2 Ne6 19. Nf3 fxe4 20. Qxe4 Rxf3 21.
Qxf3 Nxg5 22. Qd3 Bc5 23. h4 Ne6 24. Kh1 Bd4 25. f4 Nc5 26. Qe2 Bd7 27. b4 axb4
28. axb4 Na4 29. fxe5 Nc3 30. Qd3 Bxe5 31. Qxd7 Nxd1 32. Rxd1 Qxd7 33. Rxd7
Bxg3 34. Bf3 Rb8 35. h5 Kf8 36. h6 Be5 37. hxg7+ Bxg7 38. Kg2 h6 39. Kh3 Bc3
40. b5 cxb5 41. cxb5 b6 42. Rb7 1/2-1/2

[Event "Bad Breisig op"]
[Site "?"]
[Date "2002.??.??"]
[Round "8"]
[White "Welz, Peter"]
[Black "Murariu, Nicky"]
[Result "1-0"]
[WhiteElo "2236"]
[BlackElo "2009"]
[PlyCount "95"]

1. e4 e6 2. d4 d5 3. e5 c5 4. c3 Nc6 5. Nf3 Bd7 6. a3 c4 7. Nbd2 Na5 8. g3 Qc7
9. Bh3 h6 10. O-O Ne7 11. Rb1 Nc8 12. Ne1 Nb6 13. Ng2 Ba4 14. Qf3 Bc2 15. Ra1
Be7 16. Nf4 Qd7 17. Re1 g6 18. Qe2 Ba4 19. Nf1 O-O-O 20. Be3 Rh7 21. Nd2 h5 22.
Bg2 Rdh8 23. h4 g5 24. hxg5 h4 25. g6 fxg6 26. Bh3 hxg3 27. Bxe6 gxf2+ 28. Bxf2
Qxe6 29. Nxe6 Bc2 30. Qf3 Nb3 31. Nxb3 cxb3 32. a4 a5 33. c4 dxc4 34. Nc5 Rh1+
35. Qxh1 Rxh1+ 36. Kxh1 Nd5 37. Kg2 b6 38. Ne4 Bb4 39. Nd6+ Kd7 40. Nxc4 Bxe1
41. Rxe1 Ke6 42. Kg3 Bd3 43. Ne3 Nb4 44. Kf4 b5 45. d5+ Kd7 46. Rh1 g5+ 47.
Kxg5 bxa4 48. Kf6 1-0

[Event "Bad Breisig op"]
[Site "?"]
[Date "2002.??.??"]
[Round "8"]
[White "Kutzner, Stephen"]
[Black "Meyer, Marco"]
[Result "1-0"]
[WhiteElo "1847"]
[BlackElo "1761"]
[PlyCount "59"]

1. d4 Nf6 2. Nc3 d5 3. e4 e6 4. Bg5 Be7 5. e5 Nfd7 6. Bxe7 Qxe7 7. f4 a6 8. Nf3
c5 9. Qd2 Nc6 10. O-O-O c4 11. g4 b5 12. Bg2 Nb6 13. f5 b4 14. Nb1 c3 15. bxc3
Nc4 16. Qd3 a5 17. f6 gxf6 18. exf6 Qd6 19. Rde1 bxc3 20. Ne5 Nb4 21. Qg3 Nxa2+
22. Kd1 Qb4 23. Nxc4 Qxb1+ 24. Ke2 Qxc2+ 25. Kf1 Ba6 26. Qd6 Qd3+ 27. Kf2 Qxd4+
28. Kg3 Qa7 29. Bxd5 Qb8 30. Bc6# 1-0

[Event "Bad Breisig op"]
[Site "?"]
[Date "2002.??.??"]
[Round "8"]
[White "Juergens, Ralf"]
[Black "Schmidt, Waldemar"]
[Result "0-1"]
[WhiteElo "1800"]
[BlackElo "1920"]
[PlyCount "86"]

1. e4 c5 2. Nf3 d6 3. Bc4 e6 4. c3 Nf6 5. d3 Qc7 6. Bf4 Nh5 7. Bg3 Nc6 8. O-O
Nxg3 9. fxg3 Be7 10. Nbd2 a6 11. Kh1 b5 12. Bb3 Bb7 13. d4 c4 14. Bc2 e5 15. d5
Nb8 16. Nh4 g6 17. Qf3 Bg5 18. Qf2 O-O 19. Ndf3 Bd8 20. Qe3 Kg7 21. Rf2 Nd7 22.
Raf1 Nf6 23. h3 Qa5 24. Qg5 Ng8 25. Qd2 Bb6 26. Nf5+ gxf5 27. Qg5+ Kh8 28. Nh4
Bd8 29. Qh5 Bxh4 30. Rxf5 f6 31. Qxh4 Qd8 32. Bd1 Bc8 33. Rh5 Ra7 34. Bg4 Rg7
35. Bf5 Bxf5 36. Rfxf5 Qe8 37. g4 Qg6 38. g3 Ne7 39. Rh6 Nxf5 40. gxf5 Qxg3 41.
Rxh7+ Kg8 42. Rh8+ Kf7 43. Rxf8+ Kxf8 0-1

[Event "Bad Breisig op"]
[Site "?"]
[Date "2002.??.??"]
[Round "8"]
[White "Becher, Helmut"]
[Black "Noettger, Eckard"]
[Result "1/2-1/2"]
[WhiteElo "2213"]
[BlackElo "1763"]
[PlyCount "48"]

1. e4 c5 2. Nc3 Nc6 3. f4 d6 4. Nf3 a6 5. d3 e6 6. g3 Be7 7. Bg2 Qc7 8. O-O Rb8
9. a4 Nf6 10. h3 b6 11. g4 Bb7 12. f5 Nd4 13. Ne2 Nxf3+ 14. Bxf3 O-O 15. g5 Nd7
16. fxe6 fxe6 17. Nf4 d5 18. Bg2 Qd6 19. Qg4 dxe4 20. dxe4 Bxe4 21. Rd1 Ne5 22.
Qxe6+ Qxe6 23. Nxe6 Nf3+ 24. Bxf3 Rxf3 1/2-1/2

[Event "Bad Breisig op"]
[Site "?"]
[Date "2002.??.??"]
[Round "8"]
[White "Trifunovic, Dusan"]
[Black "Woeltge, Carsten"]
[Result "1/2-1/2"]
[WhiteElo "2003"]
[BlackElo "1922"]
[PlyCount "124"]

1. e4 e6 2. d4 d5 3. Nc3 Nf6 4. Bg5 Bb4 5. Bd3 dxe4 6. Bxe4 h6 7. Bxf6 Qxf6 8.
Nge2 O-O 9. O-O Rd8 10. Nb5 Ba5 11. b4 Bb6 12. c3 a6 13. Na3 c6 14. Nc4 Bc7 15.
f4 Nd7 16. Ne5 Qe7 17. Qc2 Nf6 18. Bd3 Nd5 19. Rf3 Bd7 20. Raf1 a5 21. bxa5
Rxa5 22. Qd1 Be8 23. Bb1 c5 24. Qd3 g6 25. Rh3 Kh7 26. Ng4 h5 27. Rxh5+ Kg7 28.
Rf3 f5 29. Rh6 fxg4 30. Rxg6+ Bxg6 31. Qxg6+ Kf8 32. Qxg4 Nf6 33. Qh3 Ke8 34.
g4 Rb5 35. Bg6+ Kd7 36. g5 Ne8 37. d5 Rb2 38. Re3 Rxe2 39. Rxe2 Ng7 40. Qg4 Qd6
41. dxe6+ Ke7 42. Rf2 Qd1+ 43. Qxd1 Rxd1+ 44. Kg2 Nxe6 45. f5 Nf4+ 46. Kf3 Rd3+
47. Kg4 Rd1 48. f6+ Kf8 49. Bc2 Rg1+ 50. Kf5 Rxg5+ 51. Kxg5 Nh3+ 52. Kf5 Nxf2
53. Bb3 b5 54. a4 bxa4 55. Bxa4 Nd3 56. Bc6 Nf4 57. Bb5 Ng2 58. Ba6 Kf7 59.
Bc4+ Kf8 60. Be6 Nh4+ 61. Ke4 Bd8 62. Ke5 Nf3+ 1/2-1/2

[Event "Bad Breisig op"]
[Site "?"]
[Date "2002.??.??"]
[Round "8"]
[White "Mahrla, Hans"]
[Black "Zoefel, Peter"]
[Result "1-0"]
[WhiteElo "1510"]
[BlackElo "2055"]
[PlyCount "53"]

1. e4 e5 2. Nf3 Nf6 3. Nxe5 d6 4. Nf3 Nxe4 5. d3 Nf6 6. Nc3 Bg4 7. Be2 Be7 8.
O-O O-O 9. Re1 h6 10. d4 d5 11. Qd3 c6 12. h3 Bh5 13. Bf4 Bg6 14. Qd2 Bb4 15.
Bd3 Bxd3 16. cxd3 Nbd7 17. a3 Ba5 18. Re2 Re8 19. Rae1 Rxe2 20. Rxe2 Nf8 21.
Ne5 Ne6 22. Bxh6 gxh6 23. Qxh6 Nh7 24. Re3 Qf8 25. Rg3+ Kh8 26. Ne2 Qxh6 27.
Nxf7# 1-0

[Event "Bad Breisig op"]
[Site "?"]
[Date "2002.??.??"]
[Round "9"]
[White "Rotstein, Arkadij"]
[Black "Kutzner, Stephen"]
[Result "1-0"]
[WhiteElo "2526"]
[BlackElo "1847"]
[PlyCount "36"]

1. c4 g6 2. e4 Bg7 3. d4 d6 4. Nc3 Nf6 5. Nf3 O-O 6. Be2 e5 7. Be3 Nc6 8. d5
Ne7 9. Nd2 Nd7 10. b4 f5 11. f3 f4 12. Bf2 g5 13. c5 a5 14. cxd6 cxd6 15. Nb5
Nf6 16. Nc4 axb4 17. Nbxd6 b5 18. Nxb5 Ba6 1-0

[Event "Bad Breisig op"]
[Site "?"]
[Date "2002.??.??"]
[Round "9"]
[White "Rotstein, Efim"]
[Black "Welz, Peter"]
[Result "1-0"]
[WhiteElo "2375"]
[BlackElo "2236"]
[PlyCount "85"]

1. b3 e5 2. Bb2 Nc6 3. c4 g6 4. e3 Bg7 5. Nf3 f5 6. a3 d6 7. d4 e4 8. Nfd2 Nf6
9. Be2 O-O 10. O-O Qe7 11. Nc3 a6 12. Rc1 Re8 13. Qc2 h5 14. Rfe1 Ng4 15. c5
Qh4 16. Bxg4 hxg4 17. Nd5 Qd8 18. cxd6 cxd6 19. Nc4 Be6 20. Ndb6 d5 21. Nxa8
dxc4 22. d5 cxb3 23. Qd2 Bxb2 24. Qxb2 Bxd5 25. Red1 Ne5 26. Nc7 Nd3 27. Rxd3
exd3 28. Nxe8 Qxe8 29. Rc7 Bf7 30. Qd2 Qe4 31. Qb2 g5 32. h3 gxh3 33. gxh3 f4
34. Qf6 Qe6 35. Qxg5+ Bg6 36. Rxb7 fxe3 37. Qxe3 Bf7 38. Qxe6 Bxe6 39. Kh2 a5
40. Kg3 a4 41. h4 Bd5 42. Rb4 Kg7 43. Rxa4 1-0

[Event "Bad Breisig op"]
[Site "?"]
[Date "2002.??.??"]
[Round "9"]
[White "Reimann, Guenther"]
[Black "Boidman, Yuri"]
[Result "0-1"]
[WhiteElo "1747"]
[BlackElo "2432"]
[PlyCount "108"]

1. c4 c6 2. d3 d5 3. Qc2 e5 4. e4 dxe4 5. dxe4 Bc5 6. Nf3 Qe7 7. Nc3 Nf6 8. Bg5
h6 9. Bh4 Bg4 10. Be2 Bxf3 11. Bxf6 Qxf6 12. Bxf3 Nd7 13. a3 a5 14. O-O O-O 15.
Ne2 Rfd8 16. Rad1 Bd4 17. b4 axb4 18. axb4 c5 19. Nxd4 cxd4 20. Be2 Nb6 21. Bd3
Na4 22. Ra1 Nc3 23. Qc1 g5 24. Ra3 b6 25. Qb2 Qc6 26. Rfa1 Rxa3 27. Rxa3 Nxe4
28. b5 Qb7 29. Qe2 Nc5 30. Qxe5 Qd7 31. h4 Re8 32. Qf6 Nxd3 33. Rxd3 Qc7 34.
Rg3 Re1+ 35. Kh2 Re4 36. hxg5 hxg5 37. Qxg5+ Kf8 38. Qg7+ Ke7 39. Qg5+ f6 40.
Qg7+ Kd6 41. Qxc7+ Kxc7 42. Rd3 Kd6 43. f3 Rf4 44. g3 Rf5 45. Rxd4+ Kc5 46.
Rd5+ Rxd5 47. cxd5 Kxb5 48. d6 Kc6 49. d7 Kxd7 50. Kg2 Ke6 51. g4 b5 52. Kf2 b4
53. Ke3 b3 54. Kd3 Ke5 0-1

[Event "Bad Breisig op"]
[Site "?"]
[Date "2002.??.??"]
[Round "9"]
[White "Ziltener, Werner"]
[Black "Matzat, Andre"]
[Result "1/2-1/2"]
[WhiteElo "2045"]
[BlackElo "2261"]
[PlyCount "129"]

1. Nf3 d5 2. d4 Nf6 3. c4 e6 4. Bg5 Nbd7 5. e3 c6 6. cxd5 exd5 7. Bd3 Be7 8.
Nc3 Ne4 9. Bxe4 Bxg5 10. Nxg5 Qxg5 11. Bf3 O-O 12. O-O Nf6 13. Ne2 Bg4 14. Nf4
Bxf3 15. Qxf3 Ne4 16. Qe2 Rae8 17. Qh5 Qxh5 18. Nxh5 f5 19. Nf4 g5 20. Nd3 f4
21. exf4 gxf4 22. Ne5 Nd6 23. Rfe1 Nf5 24. Rad1 Re7 25. Kf1 Rfe8 26. Nf3 Rxe1+
27. Nxe1 Kf7 28. Nf3 Kf6 29. Rd3 a6 30. Rb3 Re7 31. Rd3 Re4 32. Rb3 Nd6 33. Rd3
Nc4 34. b3 Nd6 35. a4 a5 36. Nd2 Re7 37. Rf3 Kg5 38. Rd3 Nf5 39. Nf3+ Kf6 40.
Nd2 Nd6 41. Nf3 Ne4 42. Rd1 Nc3 43. Rd2 Ke6 44. Rc2 Ne4 45. Ke2 Kd6 46. Kd3 b6
47. Nh4 Rf7 48. f3 Ng5 49. Re2 Ne6 50. g4 fxg3 51. hxg3 c5 52. dxc5+ bxc5 53.
Kc3 Nd4 54. Re3 Nc6 55. Re8 d4+ 56. Kb2 Kd5 57. f4 Re7 58. Rxe7 Nxe7 59. Nf3
Nf5 60. g4 Ne3 61. g5 Ke4 62. Ne5 d3 63. Kc3 Nd5+ 64. Kd2 Nxf4 65. Nc6 1/2-1/2

[Event "Bad Breisig op"]
[Site "?"]
[Date "2002.??.??"]
[Round "9"]
[White "Murariu, Nicky"]
[Black "Loerke, Reinhard"]
[Result "1-0"]
[WhiteElo "2009"]
[BlackElo "2110"]
[PlyCount "103"]

1. d3 e5 2. c4 Bc5 3. Nf3 Nc6 4. e3 d6 5. a3 a5 6. Nc3 Nf6 7. Be2 O-O 8. b3 Qe7
9. Nd2 Be6 10. g4 Nd7 11. h4 f6 12. Bb2 Qf7 13. Bf3 f5 14. gxf5 Qxf5 15. Qe2
Nd8 16. Nb5 c6 17. Nc7 Rc8 18. Nxe6 Nxe6 19. O-O-O b5 20. Rdg1 Bd4 21. exd4 Nf4
22. Qe4 Nxd3+ 23. Kc2 Qxe4 24. Bxe4 Nxf2 25. Rh2 d5 26. Bf3 e4 27. Rxf2 e3 28.
Rfg2 exd2 29. Bg4 Rcd8 30. Be6+ Kh8 31. Bc3 Nf6 32. Bxa5 Ra8 33. Bxd2 bxc4 34.
bxc4 Rxa3 35. Rxg7 Ra2+ 36. Kd3 Ra3+ 37. Bc3 h5 38. R7g6 Ng4 39. Bxg4 hxg4 40.
R1xg4 Kh7 41. R6g5 Kh6 42. Rg3 Rc8 43. Ke2 Re8+ 44. Re5 Rxe5+ 45. dxe5 Kh5 46.
cxd5 cxd5 47. e6 Kxh4 48. Be1 Ra2+ 49. Kd3 Kh5 50. e7 Ra8 51. Bd2 Re8 52. Rg7
1-0

[Event "Bad Breisig op"]
[Site "?"]
[Date "2002.??.??"]
[Round "9"]
[White "Meyer, Marco"]
[Black "Noettger, Eckard"]
[Result "1/2-1/2"]
[WhiteElo "1761"]
[BlackElo "1763"]
[PlyCount "62"]

1. e4 c5 2. Nf3 e6 3. d3 Nc6 4. g3 g6 5. Bg2 Bg7 6. O-O d6 7. Nbd2 Nf6 8. c3
O-O 9. a4 Qc7 10. Nc4 d5 11. Bf4 Qd8 12. Ncd2 b6 13. Re1 Bb7 14. e5 Nd7 15. d4
Rc8 16. Nf1 Re8 17. Qd2 Qe7 18. h4 cxd4 19. cxd4 Qb4 20. Qe3 Na5 21. Bh6 Nc4
22. Qf4 Qf8 23. Bxg7 Kxg7 24. b3 Na5 25. Rab1 Rc7 26. h5 Rec8 27. Ne3 Rc3 28.
Qh4 Qd8 29. Ng5 h6 30. Nf3 Qxh4 31. gxh4 Rxb3 1/2-1/2

[Event "Bad Breisig op"]
[Site "?"]
[Date "2002.??.??"]
[Round "9"]
[White "Woeltge, Carsten"]
[Black "Becher, Helmut"]
[Result "1/2-1/2"]
[WhiteElo "1922"]
[BlackElo "2213"]
[PlyCount "49"]

1. d4 d5 2. Nf3 Nf6 3. c4 c6 4. Nc3 dxc4 5. e4 b5 6. e5 Nd5 7. a4 Nc7 8. Ng5 f6
9. Nge4 f5 10. Ng5 e6 11. Be2 Be7 12. h4 O-O 13. axb5 cxb5 14. Bf3 b4 15. Ne2
Nd5 16. Nf4 Bxg5 17. hxg5 g6 18. Bxd5 exd5 19. Qf3 a5 20. Nxd5 Bb7 21. Nf6+
Rxf6 22. Qxb7 Rf7 23. Qxa8 Qc8 24. Rxa5 Rb7 25. Ra7 1/2-1/2

[Event "Bad Breisig op"]
[Site "?"]
[Date "2002.??.??"]
[Round "9"]
[White "Trifunovic, Dusan"]
[Black "Mahrla, Hans"]
[Result "1-0"]
[WhiteElo "2003"]
[BlackElo "1510"]
[PlyCount "31"]

1. e4 e6 2. d4 b6 3. Nc3 Bb7 4. Nf3 Bb4 5. Bd3 Nf6 6. Qe2 O-O 7. Bd2 c5 8. dxc5
Bxc5 9. e5 Nd5 10. Bxh7+ Kxh7 11. Ng5+ Kg6 12. h4 Nxc3 13. Qg4 Qe7 14. h5+ Kh6
15. Nxe6+ Kh7 16. Qxg7# 1-0

[Event "Bad Breisig op"]
[Site "?"]
[Date "2002.??.??"]
[Round "9"]
[White "Zoefel, Peter"]
[Black "Juergens, Ralf"]
[Result "1-0"]
[WhiteElo "2055"]
[BlackElo "1800"]
[PlyCount "71"]

1. d4 d5 2. Nf3 Nf6 3. e3 Bf5 4. Bd3 Bg6 5. O-O e6 6. Nbd2 Nbd7 7. Re1 Be7 8.
h3 Rc8 9. Bxg6 hxg6 10. e4 dxe4 11. Nxe4 Nxe4 12. Rxe4 Nf6 13. Re1 c5 14. c3
cxd4 15. Nxd4 a6 16. Qa4+ b5 17. Qxa6 Qd7 18. Qxb5 Qxb5 19. Nxb5 Rc5 20. Nd4 g5
21. f3 Nh5 22. Be3 Nf4 23. Bxf4 gxf4 24. Nb3 Rg5 25. Kf1 Rh6 26. Rad1 Rhg6 27.
Re2 f5 28. Rdd2 Kf7 29. a4 Bf6 30. a5 e5 31. a6 e4 32. a7 exf3 33. Rf2 fxg2+
34. Rxg2 f3 35. Rxg5 Bxg5 36. a8=Q 1-0

[Event "Bad Breisig Sen"]
[Site "?"]
[Date "2002.??.??"]
[Round "1"]
[White "Struwecker, Sigurd"]
[Black "Kahler, Kurt"]
[Result "1/2-1/2"]
[WhiteElo "1700"]
[BlackElo "1676"]
[PlyCount "36"]
[EventDate "2002.??.??"]

1. d4 Nf6 2. c4 e6 3. Nc3 Bb4 4. Bg5 b6 5. e3 Bb7 6. Nf3 h6 7. Bxf6 Bxc3+ 8.
bxc3 Qxf6 9. Be2 d6 10. O-O Nd7 11. Qa4 Ke7 12. Rfd1 g5 13. Nd2 Rhd8 14. Rf1
Qg6 15. Qd1 f5 16. Bh5 Qg7 17. Bf3 Bxf3 18. Qxf3 c5 1/2-1/2

[Event "Bad Breisig Sen"]
[Site "?"]
[Date "2002.??.??"]
[Round "1"]
[White "Dziomba, Armin"]
[Black "Johannsen, Ingbert"]
[Result "0-1"]
[WhiteElo "1673"]
[BlackElo "1979"]
[PlyCount "87"]
[EventDate "2002.??.??"]

1. e4 e5 2. Bc4 Nf6 3. d3 Be7 4. Nf3 d6 5. h3 O-O 6. Be3 Nc6 7. a3 d5 8. exd5
Nxd5 9. Qd2 Be6 10. Bxd5 Bxd5 11. Nc3 Bxf3 12. gxf3 Nd4 13. Bxd4 exd4 14. Ne4
f5 15. Ng3 Qd5 16. O-O Qxf3 17. Qe2 Qxe2 18. Nxe2 Rad8 19. Nf4 Kf7 20. Rae1 Rd6
21. Re5 g6 22. Rfe1 Bf6 23. R5e2 c5 24. b3 Rc8 25. a4 b6 26. Kg2 a6 27. Kg3 b5
28. axb5 axb5 29. Ra1 Rc7 30. Ra5 Rb7 31. Ra8 Rc6 32. Ree8 c4 33. Nd5 cxb3 34.
cxb3 Bg7 35. Rec8 Re6 36. h4 Re1 37. f4 Rd1 38. Nb4 Re7 39. Kf2 Rd2+ 40. Kf1
Rb2 41. Rab8 Bh6 42. Rh8 Ra7 43. Rhe8 Bxf4 44. Rbd8 0-1

[Event "Bad Breisig Sen"]
[Site "?"]
[Date "2002.??.??"]
[Round "1"]
[White "Rogowski, Walter"]
[Black "Wild, Gerhard"]
[Result "0-1"]
[WhiteElo "1556"]
[BlackElo "1974"]
[PlyCount "120"]
[EventDate "2002.??.??"]

1. c4 e6 2. g3 d5 3. cxd5 exd5 4. Nf3 Nf6 5. Bg2 Be7 6. O-O O-O 7. b3 Bf5 8.
Bb2 c6 9. d3 Nbd7 10. Nbd2 Re8 11. Re1 h6 12. Qc2 Bh7 13. e4 dxe4 14. dxe4 Bb4
15. Re2 Bf8 16. Rae1 Nc5 17. Nd4 Ne6 18. Nf5 Nd7 19. Qc3 f6 20. Qf3 Ndc5 21.
Qg4 Bxf5 22. exf5 Nc7 23. Qc4+ Kh8 24. Rxe8 Nxe8 25. Re2 Qd7 26. g4 Rd8 27. Ba3
Ne4 28. Bc1 N8d6 29. Qe6 Ng5 30. Qxd7 Rxd7 31. h4 Ngf7 32. Ba3 Kg8 33. f4 Rd8
34. Re3 Nxf5 35. gxf5 Bxa3 36. Ne4 Kf8 37. Kf1 Bb4 38. Bf3 Nd6 39. Ng3 Bd2 40.
Rd3 Bxf4 41. Ne4 Ke7 42. Nc5 Nxf5 43. Rxd8 Kxd8 44. Nxb7+ Kc7 45. Nc5 Kd6 46.
Nd3 Nxh4 47. Be4 Be3 48. Ke2 Bd4 49. Nb4 c5 50. Kd3 cxb4 51. Kxd4 f5 52. Bh1 g5
53. Bb7 Ng6 54. Bc8 Ne7 55. Bb7 h5 56. Kc4 a5 57. Kd4 h4 58. Ke3 Ke5 59. Kf2
Nd5 60. Bc8 Nc3 0-1